MARC

LEADER 00000nam0a2200000 4500
001 354378
005 20231102010703.0
035 |a (RuTPU)RU\TPU\retro\11636 
090 |a 354378 
100 |a 20200618d1979 km y0rusy50 ca 
101 0 |a rus 
102 |a UA 
105 |a a z 101zy 
200 1 |a Роль низших организмов в круговороте веществ замкнутых экологических системах  |e материалы X Всесоюзного совещания, Канев, 1970 г.  |f Академия наук Украинской ССР, Институт молекулярной биологии и генетики ; под ред. В. А. Кордюма 
210 |a Киев  |c Наукова думка  |d 1979 
215 |a 532 с.  |c ил. 
320 |a Библиогр. в конце докл. 
606 1 |a Космические летательные аппараты  |x Системы жизнеобеспечения (медицина)  |2 stltpush  |3 (RuTPU)RU\TPU\subj\15845  |9 42052 
606 1 |a Экология  |x (биологические науки)  |2 stltpush  |3 (RuTPU)RU\TPU\subj\67531  |9 83289 
610 1 |a низшие организмы 
610 1 |a круговорот 
610 1 |a вещества 
610 1 |a замкнутые системы 
610 1 |a совещания 
610 1 |a технические устройства 
610 1 |a жизнеобеспечение 
610 1 |a биологические системы 
610 1 |a фототрофные микроорганизмы 
610 1 |a космические корабли 
675 |a 613.693(063)  |v 4 
675 |a 574(063)  |v 4 
702 1 |a Кордюм  |b В. А.  |4 340 
712 0 2 |a Академия наук Украинской ССР  |b Институт молекулярной биологии и генетики  |c (1936-1991)  |2 stltpush  |3 (RuTPU)RU\TPU\col\332 
712 1 2 |a Роль низших организмов в круговороте веществ замкнутых экологических системах  |c Всесоюзное совещание  |d 10  |e Канев  |f 1979  |4 570 
801 1 |a RU  |b 63413507  |c 20200618 
801 2 |a RU  |b 63413507  |c 20201224  |g RCR 
942 |c BK